| 000 | 00627nam a22001817a 4500 | ||
|---|---|---|---|
| 999 |
_c4101 _d4058 |
||
| 008 | 200619b ||||| |||| 00| | eng d | ||
| 020 | _a9789944756860 | ||
| 041 | _atur | ||
| 050 | _aHQ799.T87 | ||
| 100 |
_91214 _aSancak, Jale |
||
| 245 | _a Burada Mutlu Değilim : Gençler Bildiğiniz Gibi Değil: Yaşam | ||
| 260 |
_aİstanbul: _bKırmızı Kedi Yayınevi, _cAğustos 2011 |
||
| 300 | _a148 Sayfa | ||
| 500 | _a"Ve Yorumlarıyla: Altay Öktem, Bahadır Baruter, Gündüz Vassaf, Haydar Ergülen, Hakan Günday, İpek Ongun "--k. | ||
| 650 | 0 |
_9145 _aTürk Edebiyatı |
|
| 650 | 0 |
_91814 _aRöportajlar |
|
| 942 |
_2lcc _cBK |
||